Statistiques concernant Dieux grecs à partir de leur nom romain

Cliquez ici pour prendre le quiz!

Statistiques générales

  • Ce quiz a été pris 139 fois
  • Le résultat moyen est 19 sur 50

Statistiques - réponses

RomainGrec% Correct
JupiterZeus
96%
VénusAphrodite
92%
NeptunePoséidon
91%
MarsArès
88%
JunonHéra
88%
HerculeHéraclès
88%
PlutonHadès
87%
Phébus,ApollonApollon
86%
MinerveAthéna
86%
DianeArtémis
85%
BacchusDionysos
84%
VulcainHéphaïstos
81%
CupidonÉros
78%
MercureHermès
77%
ProserpinePerséphone
73%
CérèsDéméter
61%
VestaHestia
61%
SaturneCronos
55%
Tellus,TerraGaïa
53%
FaunusPan
53%
LunaSéléné
42%
UranusOuranos
41%
ÆolusÉole
37%
DiscordeÉris
30%
NoxNyx
30%
EsculapeAsclépios
25%
SomnusHypnos
22%
Cybèle, OpsRhéa
17%
ErebusÉrèbe
16%
AuroreÉos
15%
JuventasHébé
14%
ParquesMoires
12%
Orcus,Mors,LetusThanatos
11%
JusticeThémis
11%
AquilonBorée
10%
FuriesÉrinyes
7%
InvidiaNémésis
7%
TriviaHécate
4%
FavoniusZéphyr
4%
FloreChloris
3%
BelloneÉnyo
3%
VulturnusEuros
3%
AusterNotos
3%
TimorPhobos
3%
GrâcesCharites
2%
SalusHygie
2%
MonetaMnémosyne
2%
ConcordeHarmonie
1%
SolHéios
1%
LucineIlithye
1%

Distribution des résultats

Percentile par nombre de réponses

% des personnes avec chaque résultat

Votre développement - résultats

Vous n’avez pas pris ce quiz